000 00666nam a2200217 a 4500
999 _c6307
_d6307
001 6307
003 BD-JhCC
005 20180121100518.0
008 180121s1981 bg |||| ||a| 000 0 ben d
035 _a(BD-JhCC)6307
040 _aBD-JhCC
_dBD-JhCC
041 _aben
082 _a297.65
_bALI 1981
100 _aআলী, এ, কে, এম ইয়াকুব
245 _aমুসলিম স্থাপত্য /
_cএ, কে, এম ইয়াকুব আলী
260 _aঢাকা :
_bইসলামিক ফাউন্ডেশন,
_c1981.
300 _a190 p. :
_c22 cm.
650 _aMosque
942 _2ddc
_cBK